Derecho Internacional de los Derechos Humanos: su vigencia para los Estados y para los ciudadanos

Bibliographic Details
Main Author: Oll ̌Ses,̌ Manuel
Other Authors: Acebal Monfort, Luis
Format: Software Book
Language:Spanish
Published: Barcelona Anthropos 2009
Subjects:
Online Access:Acceso restringido

MARC

LEADER 00000nam a22000007a 4500
005 2015101308158.0
007 c|||z| ||u|
008 151013s2009 mx |||||||||| 00||0 spa|d
020 |a 978-84-7658-935-9 
035 |a 12857 
040 |a vLex 
090 |c 5586  |d 5586 
100 1 |a Oll ̌Ses,̌ Manuel 
245 1 0 |a Derecho Internacional de los Derechos Humanos: su vigencia para los Estados y para los ciudadanos  |h [Recurso electrn̤ico] /  |c Manuel Oll ̌Ses ̌ 
256 |a Servicio en ln̕ea  
260 |a Barcelona  |b Anthropos  |c 2009 
300 |a 1 recurso electrn̤ico 
500 |a El Derecho Internacional de los Derechos Humanos (DIDH) es un nuevo sistema jurd̕ico para la defensa y proteccin̤ de štos en el m̀bito mundial. Articula decenas de tratados, posteriores en general a la entrada en vigor en 1976 de los dos Pactos Internacionales, ratificados por Espaą y por una gran mayora̕ de Estados. Veintisiete especialistas resumen aqu ̕lo esencial del DIDH. Lo detallan tambiň en temas concretos como raza, mujer, tortura, niǫ, emigracin̤, ... Como libro de consulta incluye ocho anexos, t︢iles para profundizar y comunicar la materia en medios docentes, periods̕ticos, culturales, profesionales o familiares. Obra con estilo divulgador y riguroso a la vez. 
506 |a Contenido solo disponible en los productos indicados  |d vLex Global  |d vLex Global (Academic Edition, excluding Law Schools)  |d vLex Global (U.S. Academic Edition, Law Schools)  |d vLex Global (U.S. Academic Edition, excluding Law Schools)  |d vLex Global (Academic Edition, Law Schools) 
650 0 4 |a Derecho humanitario  |z Espaą 
700 1 |a Acebal Monfort, Luis 
740 0 |a vLex libros (servicio en ln̕ea) 
856 4 0 |u http://vlex.com/source/derecho-internacional-de-los-derechos-humanos-su-vigencia-para-los-estados-y-para-los-ciudadanos-12857  |z Acceso restringido  
942 |c BOOK 
999 0 |a Humanitarian law